00602 2200205 4500001002100000005001500021035002000036007000300056008004100059020002200100082001100122084001700133100001800150245009200168260004500260300002700305650002200332504003000354990001200384INLIS00000000001718120240925090646 a0010-0924000179ta240925 g 0 ind  a978-602-06-1870-8 a303.37 a303.37 TAR t0 aTARIGAN, Andi1 aTumpuan Keadilan Rawls :bHidup Bersama seperti Apa yang Kita Inginkan? /cAndi Tarigan aJakarta :bGramedia Pustaka Utama,c2018 axxii, 217 hlm ;c21 cm 4aFILSAFAT-KEADILAN aBiblioghrafi: 213-217 hlm a11886 a